000
00302nam a2200109 a 4500
005
20200930080317.0
008
120328s1983 000 spa d
020
_a
8400053644
245
0
_a
Judíos al servicio de Pedro el grande de Aragón (1276-1285).
260
_a
Barcelona,
_c
1983.
999
_c
36841
_d
36841
040
_a
DO-SdBNP